|
|
|
|
| LEADER |
00000nta a2200000 i 4500 |
| 001 |
dolg10856 |
| 005 |
20170508142612.0 |
| 008 |
170508suuuu hu o 000 hun d |
| 040 |
|
|
|a BGE Dolgozattár Repozitórium
|b hun
|
| 041 |
|
|
|a hu
|
| 100 |
1 |
|
|a Túri Dániel
|
| 245 |
1 |
2 |
|a A „MÁSSÁG” KEZELÉSE MUNKAHELYI KÖRNYEZETBEN
|c Túri Dániel
|h [elektronikus dokumentum]
|
| 516 |
|
|
|a Final_paper
|
| 695 |
|
|
|a másság, munkahelyikörnyezet, kezelés
|
| 700 |
1 |
|
|a Lakatos-Báldy Dr Zsuzsanna
|e ths
|
| 856 |
4 |
0 |
|u http://dolgozattar.uni-bge.hu/10856/1/Z%C3%81R%C3%93DOLGOZAT_T%C3%9ARI%20D%C3%81NIEL_2017%20%281%29.pdf
|z Dokumentum-elérés
|